Manual del motor eléctrico /

Guardado en:
Autor Principal: Beaty, H. Wayne.
Otros Autores: Kirtley, James L., Alatorre, Efrén, (Traductor, tr.)
Formato: Libro
Idioma:Spanish
English
Publicado: México ; Buenos Aires : McGraw-Hill, c2000.
Materias:
Etiquetas: Agregar Etiqueta
Sin Etiquetas, Sea el primero en etiquetar este registro!
LEADER 00873nam a22002295a 4500
001 EIQ.libpla003853
008 080331s2000####ag#a#####b####001#0#spa#d
005 20080331182411.0
245 1 0 |a Manual del motor eléctrico /  |c H. Wayne Beaty, James L. Kirtley, jr. ; traducción Efrén Alatorre Miguel. 
260 |a México ;  |a Buenos Aires :  |b McGraw-Hill,  |c c2000. 
300 |a xiv, 404 :  |b il. ;  |c 24 cm. 
500 |a Título original: Electric motor handbook. 
504 |a Incluye referencias bibliográficas e índice. 
020 |a 9701027345 
100 1 |a Beaty, H. Wayne. 
700 1 |a Kirtley, James L. 
700 1 |a Alatorre, Efrén,  |e tr.  |4 trl 
650 4 |a Motores eléctricos  |x Handbooks, manuales, etc. 
650 4 |a Electric motors  |x Handbooks, manuals, etc. 
040 |a AR-BbSID  |b spa  |c AR-BbSID 
041 1 |a spa  |h eng 
859 |a AR-BbSID  |b BIB. PLAPIQUI  |h 621.462  |i B 35  |p 5326